000 00616nam a2200229Ia 4500
003 OSt
005 20230503153923.0
008 210423s2020 xx 000 0 und d
020 _a978-93-25982-39-0
040 _cAL
041 _aeng
082 _a001.42
_223
_bCHAR
100 _aCHAWLA (Deepak);SONDHI (Neena)
_997288
245 _aResearch Methodology: concepts and cases Ed 2
250 _a2
260 _aNew Delhi
_bVikas Publications
_c2020
300 _axxx,789
_bPB
365 _b650
_cINR
650 _aResearch
_997289
906 _acases ; concepts ; Methodology: ; Research
942 _2ddc
_cBK
999 _c170911
_d170911